Responses for Show #4919 - Thursday, January 19, 2006

Contestants

[<< previous game]

Jeanne Perrier, a substitute teacher and library clerk from Wolcott, Connecticut

Rick Hoffman, a technical instructor from Oswego, New York

John Stratford, a caterer from Petaluma, California (whose 1-day cash winnings total $22,795)

[next game >>]

Jeopardy! Round responses

WORLD CAPITALS
COLLEGE ATHLETICS
STOCK SYMBOLS
BACK TO THE '50s
TOP 10 BABY BOY NAMES OF 2004
(Alex: ...according to the Social Security Administration.)
IT'S ALL ABOUT "U"
    $200 21
London

John
    $200 1
(John: What is Nashville?)

Memphis

John
Triple Stumper
    $200 3
Yahoo!

Jeanne
    $200 4
the Korean War

Rick
    $200 26
(Rick: Alexander?)

William

RickJeanne
    $200 10
upholstery

John
    $400 22
Nairobi

John
    $400 2
University of Kansas

Rick
    $400 5
Carnival Cruise Line

Jeanne
    $400 6
Timex

Triple Stumper
    $400 27
(John: What's Luke?)

Matthew

JohnJeanne
    $400 11
a U-2

Jeanne
    $600 23
Paris

Rick
    $600 18
(Alex: You got it. The University of [*] and the University of Denver.)

Colorado

John
    $600 15
Ann Taylor

Triple Stumper
    $600 7
Edsel

Jeanne
    $600 28
Jacob

Rick
    $600 12
a ukulele

Jeanne
    $800 24
Bucharest

Triple Stumper
    $800 19
the Air Force Academy

John
    $800 16
(Alex: [*], yes, our parent company. Good for you.)

Sony

John
    $800 8
the Andrea Doria

Jeanne
    $800 29
Michael

Rick
    $800 13
UB40

Jeanne
    $1,000 25
(Rick: Uh...)
(Alex: Rick?)
(Rick: Don't know.)
(Alex: If you think of East India Company, Indonesia, [*]. Nice city with a lot of canals.)

Jakarta

Rick
    $1000 20
Omaha

Triple Stumper
    $1000 17
Bausch & Lomb

Triple Stumper
    $1000 9
(John: What is New Mexico?)

Nevada

JohnRick
    $1000 30
(Alex: Yes, [*] Jackson, [*] Johnson.)

Andrew

Rick
    $1000 14
Uranus

Rick

Scores at the first commercial break (after clue 14):

John Rick Jeanne
-$1,000 $2,600 $3,800

Scores at the end of the Jeopardy! Round:

John Rick Jeanne
$1,400 $4,400 $4,400

Double Jeopardy! Round responses

FIRST NOVELS
BEN-HUR
TAKE ME TO YOUR LEADER
FROM THE LATIN
WHICH CRAFT
SAY THE "MAGIC" WORDS
    $400 4
Peter Benchley

Rick
    $400 16
Charlton Heston

Jeanne
    $400 26
Sharon

John
    $400 18
recuse (themselves)

Rick
    $400 11
the Santa Maria

John
    $400 1
a magic carpet

John
    $800 7
One Flew Over the Cuckoo's Nest

Jeanne
    $800 17
Paul Newman

Rick
    $800 27
Kim Jong-il

John
    $800 19
a perpetual calendar

Rick
    $800 12
the Eagle

Jeanne
    $800 2
a magic bullet

Rick
    $1200 8
Margaret Truman

Rick
    $1200 23
the chariot scene

Rick
    $1200 28
(Alex: And that is [*], president of Afghanistan.)

Hamid Karzai

Triple Stumper
    $1200 20
territorial

Rick
    $1200 13
the Wienermobile

Triple Stumper
    $1200 3
The Magic Flute

Jeanne
    $1600 9
Bright Lights, Big City

John
    $1600 24
Leslie Nielsen

Jeanne
    $1600 29
Berlusconi

Rick
    $1600 21
profound

Rick
    $1,000 14
(Alex: You missed out on the wiener and the bun, but you got this, and you can take first place away from Rick.)
(Jeanne: No. $1,000, please.)
(Alex: No. $1,000. Don't want to do it. All right. Here is the clue...)

the Speedwell

Jeanne
    $1600 5
The Magic Mountain

Rick
    $3,400 10
(John: What is Lonesome Dove?)

Horseman, Pass By

John
    $2000 25
Gore Vidal

Rick
    $2000 30
(Jeanne: Who is Mosharrif?)
(Alex: [Correcting her pronunciation] [*], yes.)
[Originally accepted as correct; reversed before Final Jeopardy!]

Musharraf

Jeanne
Triple Stumper
    $2000 22
[No applause for Rick's run of the category]

contraband

Rick
    $2000 15
the Turtle

Triple Stumper
    $2000 6
magic realism

Rick

Scores at the end of the Double Jeopardy! Round:

John Rick Jeanne
$1,600 $22,000 $8,200
(lock game)

[wagering suggestions for these scores]

Final Jeopardy! Round responses

HIT SONGS
(Alex: ...from the film The Graduate.)
JohnWhat is Eleanor Rigby?
$400
JeanneWhat is ?
$0
RickWhat is "mrs. robinson"
$2,000
"Mrs. Robinson"

Final scores:

John Rick Jeanne
$1,200 $24,000 $8,200
3rd place: $1,000 New champion: $24,000 2nd place: $2,000

Game dynamics:

Coryat scores:

John Rick Jeanne
$5,000 $23,000 $8,800
11 R,
4 W
(including 1 DD)
22 R,
2 W
(including 1 DD)
15 R
(including 1 DD),
1 W

Combined Coryat: $36,800

[game clues] [game scores] [suggest correction]

Game tape date: 2005-11-01
The J! Archive is created by fans, for fans. Scraping, republication, monetization, and malicious use prohibited; this site may use cookies and collect identifying information. See terms. The Jeopardy! game show and all elements thereof, including but not limited to copyright and trademark thereto, are the property of Jeopardy Productions, Inc. and are protected under law. This website is not affiliated with, sponsored by, or operated by Jeopardy Productions, Inc. Join the discussion at JBoard.tv.